Drip! Drop! : (Record no. 105142)
[ view plain ]
| 000 -LEADER | |
|---|---|
| fixed length control field | 00576nam a2200181 a 4500 |
| 005 - DATE AND TIME OF LATEST TRANSACTION | |
| control field | 20140412111342.0 |
| 008 - FIXED-LENGTH DATA ELEMENTS--GENERAL INFORMATION | |
| fixed length control field | 040114s19uu xx 00 eng d |
| 020 ## - INTERNATIONAL STANDARD BOOK NUMBER | |
| International Standard Book Number | 0-439-31859-9 |
| 050 ## - LIBRARY OF CONGRESS CALL NUMBER | |
| Classification number | M 553.7 |
| Item number | S496 2000 |
| 100 ## - MAIN ENTRY--PERSONAL NAME | |
| Personal name | Seuling, Barbara |
| 245 ## - TITLE STATEMENT | |
| Title | Drip! Drop! : |
| Remainder of title | how water gets to your tap / |
| Statement of responsibility, etc | by Barbara Seuling ; illustrated by Nancy Tobin. |
| 260 ## - PUBLICATION, DISTRIBUTION, ETC. (IMPRINT) | |
| Place of publication, distribution, etc | New York : |
| Name of publisher, distributor, etc | Scholastic Inc, |
| Date of publication, distribution, etc | 2000. |
| 300 ## - PHYSICAL DESCRIPTION | |
| Extent | [30] p. ; ill. |
| 650 ## - SUBJECT ADDED ENTRY--TOPICAL TERM | |
| Topical term or geographic name as entry element | Water cycles--Juvenile literature |
| 650 ## - SUBJECT ADDED ENTRY--TOPICAL TERM | |
| Topical term or geographic name as entry element | Water--Study and teaching |
| 650 ## - SUBJECT ADDED ENTRY--TOPICAL TERM | |
| Topical term or geographic name as entry element | Children stories |
| Withdrawn status | Lost status | Damaged status | Use restrictions | Home library | Current library | Shelving location | Date acquired | Source of acquisition | Cost, normal purchase price | Total Checkouts | Full call number | Barcode | Date last seen | Price effective from | Koha item type |
|---|---|---|---|---|---|---|---|---|---|---|---|---|---|---|---|
| Elizalde Library | Elizalde Library | Main Section | 01/14/2004 | 229.75 | M 553.7 S496 2000 | E9481 | 04/12/2014 | 04/12/2014 | Books |